000
00293nam a2200109Ia 4500
008
200302s9999 xx 000 0 und d
100
_a
Bjarki Hallgrimsson
245
_a
Prototyping and Modelmaking for product design
260
_b
Laurence King Publishing Ltd.,
260
_c
2012
300
_a
192
999
_c
6546
_d
6546